| 000 | 00516 a2200157 4500 | ||
|---|---|---|---|
| 020 | _a0761509011 | ||
| 040 |
_aDLC _bDLC |
||
| 082 | 0 | 0 | _a005.712768 |
| 100 | 1 | _aFreeze, Wayne S. | |
| 245 | 1 | 0 |
_aLeveraging Visual Basic with ActiveX controls _cWayne S. Freeze. |
| 260 |
_aRocklin, Calif. : _bPrima Pub., _cc1996. |
||
| 300 |
_axxxvi, 593 p. : _bill. ; _c24 cm. + _el computer laser optical disc (4 3/4 in.) |
||
| 500 | _aIncludes index. | ||
| 650 | 0 | _aBASIC (Computer program language) | |
| 942 |
_cBK _k005.712768 FRE _2ddc |
||
| 999 |
_c6308 _d6308 |
||